Regiones del mundo (parte 2) - Estadísticas

Estadísticas generales
  • Esta prueba ha sido intentada 87 veces
  • La puntuación promedio es 8 de 32
Estadísticas de respuestas
Imagen Respuesta % Correcto
Siberia
86%
Tíbet
58%
Bajo Egipto / Delta del Nilo
51%
Golfo Pérsico
49%
Amazonía
48%
Antillas
44%
África Oriental
43%
Ártico
40%
Sudeste Asiático
40%
Grandes Lagos
39%
Levante
36%
Nueva Inglaterra
34%
Bengala
32%
Costa Azul / Riviera Francesa
31%
Guayanas
25%
Mercosur
23%
Tigres Asiáticos
21%
El Cabo
17%
Triángulo de Texas
10%
Australasia
9%
Kanto
9%
Triángulo del Litio
8%
Archipiélago malayo / Insulindia
4%
Cinturón del Sol / Sun Belt
4%
Eje Atlántico
4%
Comunidad de Estados Independientes / CEI
3%
BosWash
1%
El Bajío
1%
Pantanal
1%
Tokaido
1%
Valle Central (Chile)
1%
Zona de Convergencia Intertropical
0%
No se encontraron pruebas coincidentes
Distribución de puntuación
Porcentaje de gente con cada puntuación
Porcentaje por número respondido
Historial de tus puntuaciones
No has intentado esta prueba.